000 00787nam a2200205Ii 4500
003 JO-AjNU
008 230605s9999||||xx |||||||||||||| ||und||
040 _aJO-AjNU
_bara
_erda
_cJO-AjNU
041 _aara
050 1 4 _aLB2767.J65 2005
100 3 _aالهنداوي،ناصر معد/المومني، إنتصار معدة,
_eauthor
_945308
245 0 0 _aمجموعة التشريعات القوانين والأنظمة والتعليمات:وزارة التعليم العالي والبحث العلمي
250 _aط2
264 3 1 _aعمان:وزارة التربية والتعليم،2005
300 _a196ص
336 _atext
_btxt
_2rdacontent
337 _aunmediated
_bn
_2rdamedia
338 _avolume
_bnc
_2rdacarrier
650 4 _aأنظمة وقوانين
_945309
999 _aA19630
_c23198
_d23198